| 000 | 00864nam a22001217a 4500 | ||
|---|---|---|---|
| 008 | 150810b xxu||||| |||| 00| 0 ger d | ||
| 100 | _aRiemer, Karl-Heinz | ||
| 245 | _aDie Postzensur der Alliierten im besetzten Deutschland nach dem II Weltkrieg : Handbuch und Katalog | ||
| 250 | _a2nd unchanged reprint | ||
| 260 |
_aSoest, GermANY _bPoststempelgilde "Rhein-Donau" e.V _c1977 |
||
| 500 | _3Text in German: The postal censorship of the allied powers in occupied Germany following World War II : handbook and catalog. "Neue Schriftenreihe mit Unterstutzung der Stiftung zur Forderung der Philatelie und Postgeschichte e.V."--t.p. | ||
| 650 | _aAllied Occupation | Germany | Censored Mail | 1945- | Post World War II | Postal History | Postal Markings | Post Office Seals and Labels | Postal Laws and Regulations | Postal Service | Laws and Regulations | Machine Cancels | ||
| 999 |
_c1696 _d1696 |
||